|
|
|
|
| LEADER |
01531nam a2200349 a 4500 |
| 001 |
4819477 |
| 008 |
090601s1990 moua b 001 0 eng d |
| 010 |
|
|
|a 89048202
|
| 020 |
|
|
|a 0801632315
|
| 040 |
|
|
|a DLC
|c DLC
|d DLC
|
| 082 |
0 |
0 |
|a 790/.06/9
|2 20
|
| 100 |
1 |
|
|a Kraus, Richard G.
|
| 245 |
1 |
0 |
|a Creative management in recreation, parks, and leisure services /
|c Richard G. Kraus, Joseph E. Curtis.
|
| 250 |
|
|
|a 5th ed.
|
| 260 |
|
|
|a St. Louis :
|b Times Mirror/Mosby College Pub.,
|c 1990.
|
| 300 |
|
|
|a xvi, 494 p. :
|b ill. ;
|c 25 cm.
|
| 504 |
|
|
|a Includes bibliographical references (p. 479-481).
|
| 541 |
1 |
|
|e 00007706
|
| 650 |
|
0 |
|a Recreation
|x Management.
|
| 650 |
|
0 |
|a Parks
|x Management.
|
| 650 |
|
0 |
|a Leisure industry
|x Management.
|
| 650 |
|
0 |
|a Recreation
|z United States
|x Management.
|
| 650 |
|
0 |
|a Recreation
|z Canada
|x Management.
|
| 650 |
|
0 |
|a Parks
|z United States
|x Management.
|
| 650 |
|
0 |
|a Parks
|z Canada
|x Management.
|
| 650 |
|
0 |
|a Leisure industry
|z United States
|x Management.
|
| 650 |
|
0 |
|a Leisure industry
|z Canada
|x Management.
|
| 700 |
1 |
|
|a Curtis, Joseph E.,
|d 1922-
|
| 852 |
4 |
|
|a Ayesha Abed Library
|j General Shelf.
|
| 999 |
|
|
|c 1279
|d 1279
|
| 952 |
|
|
|0 0
|1 0
|2 ddc
|4 0
|6 790_069000000000000_KRA
|7 0
|9 1162
|a BRACUL
|b BRACUL
|c GEN
|d 2009-06-25
|g 0.00
|l 0
|o 790.069 KRA
|p 3010007706
|r 2009-06-25
|t 1
|w 2009-06-25
|y BK
|x No price found in the accession register.
|
| 952 |
|
|
|0 0
|1 0
|2 ddc
|4 0
|6 790_069000000000000_KRA
|7 0
|9 53855
|a SCL
|b SCL
|c GEN
|d 2015-05-24
|e Gift: The Asia Foundation
|l 0
|o 790.069 KRA
|p 3020003366
|r 2015-05-24
|t 2
|w 2015-05-24
|y BK
|